000 00721nam a2200229Ii 4500
003 JO-AjNU
008 230605s9999||||xx |||||||||||||| ||und||
017 _a1995/4330
020 _a977-373-060-3
040 _aJO-AjNU
_bara
_erda
_cJO-AjNU
041 _aara
050 1 4 _aLB1025.L3 1995
100 3 _aتأليف اللقاني، أحمد حسين ؛ م.مشارك فارعة حسن محمد,
_eauthor
_952821
245 0 0 _aالتدريس الفعال
250 _aط3
264 3 1 _aالقاهرة: عالم الكتب، 1995
300 _a205ص
336 _atext
_btxt
_2rdacontent
337 _aunmediated
_bn
_2rdamedia
338 _avolume
_bnc
_2rdacarrier
650 4 _aالتدريس الفعال
_952822
999 _aA23421
_c26989
_d26989